<?xml version="1.0" encoding="UTF-8"?>
<record
    xmlns:xsi="http://www.w3.org/2001/XMLSchema-instance"
    xsi:schemaLocation="http://www.loc.gov/MARC21/slim http://www.loc.gov/standards/marcxml/schema/MARC21slim.xsd"
    xmlns="http://www.loc.gov/MARC21/slim">

  <leader>03035cam a2200397 i 4500</leader>
  <controlfield tag="001">ssj0002157069</controlfield>
  <controlfield tag="003">WaSeSS</controlfield>
  <controlfield tag="005">20250618081252.0</controlfield>
  <controlfield tag="006">m        d        </controlfield>
  <controlfield tag="007">cr  n</controlfield>
  <controlfield tag="008">190125s2019    maua    sb    001 0 eng d</controlfield>
  <datafield tag="010" ind1=" " ind2=" ">
    <subfield code="a">  2018061523</subfield>
  </datafield>
  <datafield tag="020" ind1=" " ind2=" ">
    <subfield code="a">9781633696877</subfield>
  </datafield>
  <datafield tag="040" ind1=" " ind2=" ">
    <subfield code="a">MH/DLC</subfield>
    <subfield code="b">eng</subfield>
    <subfield code="c">MH</subfield>
    <subfield code="d">DLC</subfield>
    <subfield code="d">WaSeSS</subfield>
  </datafield>
  <datafield tag="041" ind1=" " ind2=" ">
    <subfield code="a">eng</subfield>
  </datafield>
  <datafield tag="042" ind1=" " ind2=" ">
    <subfield code="a">pcc</subfield>
  </datafield>
  <datafield tag="050" ind1="0" ind2="0">
    <subfield code="a">HD58.87</subfield>
    <subfield code="b">.H375 2019</subfield>
  </datafield>
  <datafield tag="245" ind1="0" ind2="0">
    <subfield code="a">HBR's 10 must reads on business model innovation</subfield>
  </datafield>
  <datafield tag="246" ind1=" " ind2=" ">
    <subfield code="a">Harvard Business Review's ten must reads on business model innovation</subfield>
  </datafield>
  <datafield tag="246" ind1=" " ind2=" ">
    <subfield code="a">On business model innovation</subfield>
  </datafield>
  <datafield tag="246" ind1=" " ind2=" ">
    <subfield code="a">Business model innovation</subfield>
  </datafield>
  <datafield tag="260" ind1=" " ind2=" ">
    <subfield code="a">Boston, MA :</subfield>
    <subfield code="b">Harvard Business Review Press,</subfield>
    <subfield code="c">2019.</subfield>
  </datafield>
  <datafield tag="300" ind1=" " ind2=" ">
    <subfield code="a">163 pages :</subfield>
    <subfield code="b">illustrations ;</subfield>
    <subfield code="c">21 cm.</subfield>
  </datafield>
  <datafield tag="490" ind1=" " ind2=" ">
    <subfield code="a">HBR's 10 must reads series</subfield>
  </datafield>
  <datafield tag="504" ind1=" " ind2=" ">
    <subfield code="a">Includes bibliographical references and index.</subfield>
  </datafield>
  <datafield tag="505" ind1="0" ind2=" ">
    <subfield code="a">Why business models matter / by Joan Magretta &#x2014; Reinventing your business model / by Mark W. Johnson, Clayton M. Christensen, and Henning Kagermann &#x2014; When your business model is in trouble: an interview with Rita Gunther McGrath / by Sarah Cliffe &#x2014; Paths to business model innovation / by Karan Girotra and Serguei Netessine &#x2014; The transformative business model / by Stelios Kavadias, Kostas Ladas, and Christoph Loch &#x2014; Competing against free / by David J. Bryce, Jeffrey H. Dyer and Nile W. Hatch &#x2014; Why the lean start-up changes everything / by Steve Blank &#x2014; Finding the platform in your product / by Andrei Hagiu and Elizabeth J. Altman &#x2014; Pipelines, platforms, and the new rules of strategy / by Marshall W. Van Alstyne, Geoffrey G. Parker, and Sangeet Paul Choudary &#x2014; When one business model isn't enough / by Ramon Casadesus-Masanell and Jorge Tarzij&#xE1;n &#x2014; Reaching the rich world's poorest consumers / by Muhammad Yunus, Fr&#xE9;d&#xE9;ric Dalsace, David Menasc&#xE9;, and B&#xE9;n&#xE9;dicte Faivre-Tavignot.</subfield>
  </datafield>
  <datafield tag="506" ind1=" " ind2=" ">
    <subfield code="a">License restrictions may limit access.</subfield>
  </datafield>
  <datafield tag="520" ind1=" " ind2=" ">
    <subfield code="a">Your company needs a winning business model to thrive--and it may soon need to reinvent that business model to survive. If you read nothing else on business model innovation, read these 10 articles. We've combed through hundreds of Harvard Business Review articles and selected the most important ones to help you set up a model for success and stay ahead of your competitors. This book will inspire you to: Build a new business in an established organization Give your traditional offerings a shot in the arm Understand how a business model differs from a strategy Establish digital business models around traditional products Adopt the practices of lean start-ups Reimagine your core business as a platform Counter threats by revolutionizing your business model.</subfield>
  </datafield>
  <datafield tag="650" ind1=" " ind2="0">
    <subfield code="a">Reengineering (Management)</subfield>
    <subfield code="9">7943</subfield>
  </datafield>
  <datafield tag="650" ind1=" " ind2="0">
    <subfield code="a">Organizational change</subfield>
    <subfield code="9">2599</subfield>
  </datafield>
  <datafield tag="650" ind1=" " ind2="0">
    <subfield code="a">Creative ability in business</subfield>
    <subfield code="9">4129</subfield>
  </datafield>
  <datafield tag="650" ind1=" " ind2="0">
    <subfield code="a">Organizational effectiveness</subfield>
    <subfield code="9">2451</subfield>
  </datafield>
  <datafield tag="650" ind1=" " ind2="0">
    <subfield code="a">Business planning</subfield>
    <subfield code="9">1415</subfield>
  </datafield>
  <datafield tag="650" ind1=" " ind2="0">
    <subfield code="a">Strategic planning</subfield>
    <subfield code="9">3573</subfield>
  </datafield>
  <datafield tag="942" ind1=" " ind2=" ">
    <subfield code="2">lcc</subfield>
  </datafield>
  <datafield tag="952" ind1=" " ind2=" ">
    <subfield code="0">0</subfield>
    <subfield code="1">0</subfield>
    <subfield code="2">lcc</subfield>
    <subfield code="4">0</subfield>
    <subfield code="7">0</subfield>
    <subfield code="a">TBS</subfield>
    <subfield code="b">TBS</subfield>
    <subfield code="d">2025-06-18</subfield>
    <subfield code="l">0</subfield>
    <subfield code="o">HD58.87 HAR</subfield>
    <subfield code="p">B07568</subfield>
    <subfield code="r">2025-06-18</subfield>
    <subfield code="t">1</subfield>
    <subfield code="w">2025-06-18</subfield>
    <subfield code="y">1</subfield>
  </datafield>
  <datafield tag="999" ind1=" " ind2=" ">
    <subfield code="c">4762</subfield>
    <subfield code="d">4762</subfield>
  </datafield>
</record>
